000 00359pam a2200157a 44500
008 230515b1977 xxu||||| |||| 00| 0 eng d
020 _aNULL
041 _aENGLISH
082 _a630
100 _a2161-1962
245 _aSPECIFICATION FOR COCOANUT PUMPS FOR MACHINE TOOLS
250 _a0
260 _aDELHI
_bISI
_c1977
300 _a14
650 _aNULL
999 _c652073
_d652073